New Year's Day - Taylor Swift Lyrics - Statistics

General Stats
  • This quiz has been taken 25 times
  • The average score is 256 of 332
Answer Stats
Answer % Correct
a
100%
I
100%
i
100%
on
100%
the
100%
be
94%
in
94%
me
94%
you
94%
and
88%
day
88%
don't
88%
new
88%
year's
88%
after
82%
floor
82%
glitter
82%
I'll
82%
i'll
82%
lobby
82%
party
82%
shoes
82%
there
82%
There's
82%
there's
82%
to
82%
when
82%
become
76%
bottles
76%
can
76%
cleanin'
76%
down
76%
ever
76%
midnights
76%
please
76%
stranger
76%
they
76%
up
76%
want
76%
with
76%
your
76%
carryin'
71%
could
71%
girls
71%
hard
71%
hold
71%
laugh
71%
memories
71%
of
71%
recognize
71%
their
71%
will
71%
you're
71%
anywhere
65%
back
65%
but
65%
from
65%
it's
65%
last
65%
page
65%
read
65%
taxi
65%
that
65%
whose
65%
before
59%
gonna
59%
hand
59%
long
59%
my
59%
night
59%
polaroids
59%
road
59%
stay
59%
three
59%
times
59%
away
53%
candle
53%
I'm
53%
tell
53%
wax
53%
hardwood
47%
if
47%
or
47%
scared
47%
turnin'
47%
babe
41%
forevermore
41%
home
41%
makin'
41%
mistakes
41%
squeeze
41%
toast
41%
lost
35%
town
35%
we're
35%
wrong
35%
crawlin'
29%
out
24%
strike
18%
No matching quizzes found
Score Distribution
Percent of People with Each Score
Percentile by Number Answered
Your Score History
You have not taken this quiz